Lịch sử tiến hóa trái đất : Địa sử
Sách gồm hai phần trình bày các khái niệm cơ bản và các phương pháp và các giai đoạn phát triển của vỏ Trái đất, làm cơ sở cho bạn đọc tiếp cận với những thành tựu mới trong địa chất học và vận dụng trong tìm hiểu về quy luật trong lịch...
Spremljeno u:
| Glavni autor: | |
|---|---|
| Format: | Knjiga |
| Jezik: | Undetermined |
| Izdano: |
Hà Nội
Đại học Quốc gia Hà Nội
2009
|
| Teme: | |
| Oznake: |
Dodaj oznaku
Bez oznaka, Budi prvi tko označuje ovaj zapis!
|
| Thư viện lưu trữ: | Trung tâm Học liệu Trường Đại học Cần Thơ |
|---|
| LEADER | 01079nam a2200217Ia 4500 | ||
|---|---|---|---|
| 001 | CTU_159496 | ||
| 008 | 210402s9999 xx 000 0 und d | ||
| 020 | |c 77000 | ||
| 082 | |a 551.7 | ||
| 082 | |b Th107 | ||
| 100 | |a Tống, Duy Thanh | ||
| 245 | 0 | |a Lịch sử tiến hóa trái đất : | |
| 245 | 0 | |b Địa sử | |
| 245 | 0 | |c Tống Duy Thanh | |
| 260 | |a Hà Nội | ||
| 260 | |b Đại học Quốc gia Hà Nội | ||
| 260 | |c 2009 | ||
| 520 | |a Sách gồm hai phần trình bày các khái niệm cơ bản và các phương pháp và các giai đoạn phát triển của vỏ Trái đất, làm cơ sở cho bạn đọc tiếp cận với những thành tựu mới trong địa chất học và vận dụng trong tìm hiểu về quy luật trong lịch sử phát triển địa chất trên thế giới và trên lãnh thổ Việt Nam. | ||
| 650 | |a Geology, stratigraphic | ||
| 904 | |i Bạch Trúc | ||
| 980 | |a Trung tâm Học liệu Trường Đại học Cần Thơ | ||